000 00946nam a2200265Ia 4500
003 OSt
005 20221005104600.0
006 a|||||r|||| 00| 0
007 ta
008 221004b |||||||| |||| 00| 0 hin d
020 _a9788170284918 (pbk)
_cINR 250.00
024 _a41481
037 _b284, 15/02/2019, Eastern Book Linkers
_cTextual
040 _aCRL
_cCRL
_bhin
041 _2hin
_ahin
082 _aO44,1x, 152Q8
100 _aकमलेश्वर, संपा.
245 0 _aहिन्दुस्तानी गजलें
246 _aHindustānī gajalean
260 _aदिल्ली
_bराजपाल एन्ड सन्ज भारत
_c2018
300 _a240पृ0
_ccm.
650 _aहिन्दी साहित्य
942 _hO44,1x, 152Q8
_cTEXL
_2cc
999 _c1013159
_d1013159